Participantes do Campeonato Brasileiro - Séries A e B - 2016 - Statistics

Estatísticas Gerais
  • Esse quiz foi jogado 196 vezes
  • A pontuação média é 37 de 40
Estatísticas das Respostas
Série Cidade/UF Resposta % Correto
A Belo Horizonte, MG Atlético Mineiro
100%
A Rio de Janeiro, RJ Botafogo
99%
A Rio de Janeiro, RJ Flamengo
99%
A Santos, SP Santos
99%
B Salvador, BA Bahia
98%
A Chapecó, SC Chapecoense
98%
A Belo Horizonte, MG Cruzeiro
98%
B Goiânia, GO Goiás
98%
A Belo Horizonte, MG América
97%
B Bragança Paulista, SP Bragantino
97%
B Fortaleza, CE Ceará
97%
A São Paulo, SP Corinthians
97%
A Curitiba, PR Coritiba
97%
B Criciúma, SC Criciúma
97%
A Rio de Janeiro, RJ Fluminense
97%
A Porto Alegre, RS Grêmio
97%
A Porto Alegre, RS Internacional
97%
A São Paulo, SP São Paulo
97%
B Pelotas, RS Brasil de Pelotas
96%
B Londrina, PR Londrina
96%
A São Paulo, SP Palmeiras
96%
A Recife, PE Sport
96%
A Curitiba, PR Atlético Paranaense
95%
B Joinville, SC Joinville
95%
B Goiânia, GO Atlético Goianiense
94%
A Campinas, SP Ponte Preta
94%
B Rio de Janeiro, RJ Vasco da Gama
94%
B Florianópolis, SC Avaí
93%
A Salvador, BA Vitória
91%
B Recife, PE Náutico
90%
B Curitiba, PR Paraná
89%
B Belém, PA Paysandu
89%
A Florianópolis, SC Figueirense
88%
A Recife, PE Santa Cruz
85%
B Maceió, AL CRB
83%
B Goiânia, GO Vila Nova
83%
B São Luís, MA Sampaio Corrêa
81%
B Lucas do Rio Verde, MT Luverdense
76%
B Itápolis, SP Oeste
70%
B Juiz de Fora, MG Tupi
60%
Nenhum quiz correspondente encontrado
Distribuição das Pontuações
Porcentagem de Pessoas com Cada Pontuação
Percentil de Números Respondidos
Sua Pontuação Histórica
Você não jogou esse quiz